000 00547nam a2200229Ia 4500
003 OSt
005 20221005132600.0
006 a|||||r|||| 00| 0
007 ta
008 221004b |||||||| |||| 00| 0 eng d
024 _a59512
037 _cTextual
040 _aCRL
_cCRL
_beng
041 _2eng
_aeng
082 _aU8:93CT:M5, A
100 _aMelville Harman
_9641360
245 0 _aTypee
260 _c1800
650 _aGEOGRAPHY
942 _hU8:93CT:M5, A
_cTEXL
_2cc
999 _c1064071
_d1064071